000 00891nam a2200253 i 4500
001 77916
003 ES-MaACL
005 20250819165508.0
007 t|
008 041115s1979 sp ||||1| spa d
017 _aM 9932-1979
020 _a84-7476-009-7
080 _a338.6
100 1 _aGiner, Salvador.
_957117
245 1 3 _aLa sociedad corporativa /
_cSalvador Giner y Manuel Pérez Yruela.
260 _aMadrid :
_bCentro de Investigaciones Sociológicas,
_c1979 (
_fGrefol)
300 _a110 p. ;
_c20 cm.
490 1 _aColección "Monografías" (Centro de Investigaciones Sociológicas (España)) ;
_v10
650 1 7 _aCorporativismo
_2embne
_911364
700 1 _aPérez Yruela, Manuel.
_991226
830 0 _aColección "Monografías" (Centro de Investigaciones Sociológicas (España)) ;
_v10
_9177925
852 _aES-MaACL
_jE-10383
_bR.130854
999 _c77916
_d77916